[Event "Lienz op-B 18th"]
[Site "Lienz"]
[Date "2015.02.08"]
[Round "2"]
[White "Grubauer, Gerhard"]
[Black "Koban, Markus"]
[Result "1-0"]
[WhiteElo "1772"]
[BlackElo "1932"]
[PlyCount "91"]
[EventDate "2015.02.07"]
[EventType "swiss"]
[EventRounds "9"]
[EventCountry "AUT"]
[SourceTitle "CBM 165 Extra"]
[Source "ChessBase"]
[SourceDate "2015.04.21"]
[SourceVersion "1"]
[SourceVersionDate "2015.04.21"]
[SourceQuality "1"]

1. e4 c5 2. Nf3 d6 3. d4 Nf6 4. Nc3 cxd4 5. Nxd4 a6 6. f3 e5 7. Nb3 Be6 8. Be3 Nbd7 9. Nd5 Bxd5 10. exd5 b5 11. Qd2 Nb6 12. Bxb6 Qxb6 13. c4 Be7 14. Qf2 Rb8 15. Qxb6 Rxb6 16. Na5 Kd7 17. b3 Rhb8 18. Nc6 R8b7 19. Na5 Rc7 20. Bd3 Nh5 21. g3 g6 22. Kf2 f5 23. Rhe1 Bf6 24. Rac1 bxc4 25. bxc4 Rb4 26. Rc2 Bg5 27. Nc6 Rb6 28. c5 dxc5 29. Nxe5+ Kc8 30. f4 Nxf4 31. gxf4 Bh4+ 32. Ke2 Bxe1 33. Kxe1 a5 34. Bc4 Re7 35. Kf2 Kc7 36. Nc6 Re4 37. Kf3 a4 38. Bd3 Re1 39. Rxc5 Kd6 40. Ra5 Rb2 41. Bc4 Rxh2 42. Kg3 Rc2 43. Ne5 Re3+ 44. Kh4 Ke7 45. Ra7+ Kf6 46. Rf7# 1-0

[Event "Wolfsberg op"]
[Site "Wolfsberg"]
[Date "2014.12.29"]
[Round "3"]
[White "Koban, Markus"]
[Black "Stagl, Marco"]
[Result "0-1"]
[WhiteElo "1929"]
[BlackElo "2113"]
[PlyCount "88"]
[EventDate "2014.12.27"]
[EventType "swiss"]
[EventRounds "5"]
[EventCountry "AUT"]
[SourceTitle "CBM 164 Extra"]
[Source "ChessBase"]
[SourceDate "2015.03.02"]
[SourceVersion "1"]
[SourceVersionDate "2015.03.02"]
[SourceQuality "1"]

1. e4 d5 2. exd5 Qxd5 3. Nc3 Qa5 4. d4 Nf6 5. Bc4 c6 6. Bd2 Qb6 7. Nf3 Bf5 8. Bb3 e6 9. 0-0 Nbd7 10. Re1 0-0-0 11. Na4 Qc7 12. Ng5 Ng4 13. g3 Nh6 14. Qe2 Bd6 15. c4 c5 16. dxc5 Nxc5 17. Nxc5 Bxc5 18. Bf4 Qb6 19. Rad1 Ng4 20. Be3 Rxd1 21. Bxd1 Nxe3 22. fxe3 f6 23. Nf3 Rd8 24. Bc2 Bg4 25. Kg2 Qxb2 26. Bxh7 Bxf3+ 27. Kxf3 Rd2 28. Qf1 Qe5 29. Re2 Rxe2 30. Kxe2 Qh5+ 31. Qf3 Qxh2+ 32. Kd1 Qxh7 33. e4 Qh8 34. Qg4 Qd8+ 35. Kc2 Qd7 36. e5 fxe5 37. Qe4 Bd4 38. Qf3 Qa4+ 39. Kb1 Qb4+ 40. Kc2 Qxc4+ 41. Kd1 Bc5 42. Qh5 Qd3+ 43. Ke1 Bb4+ 44. Kf2 Qf5+ 0-1

[Event "Pula op 27th"]
[Site "Pula"]
[Date "2013.06.08"]
[Round "1"]
[White "Romero Holmes, Alfonso"]
[Black "Koban, Markus"]
[Result "1-0"]
[WhiteElo "2522"]
[BlackElo "1981"]
[PlyCount "35"]
[EventDate "2013.06.08"]
[EventType "swiss"]
[EventRounds "9"]
[EventCountry "CRO"]
[SourceTitle "CBM 154 Extra"]
[Source "ChessBase"]
[SourceDate "2013.06.25"]
[SourceVersion "2"]
[SourceVersionDate "2013.06.25"]
[SourceQuality "1"]

1. b3 e5 2. Bb2 Nc6 3. e3 d5 4. Bb5 Bd6 5. f4 Qe7 6. Nf3 Bg4 7. fxe5 Bxf3 8. exd6 Bxd1 9. dxe7 Ngxe7 10. Kxd1 0-0 11. Nc3 Rad8 12. Ne2 a6 13. Bxc6 Nxc6 14. Rf1 Rfe8 15. Ng3 d4 16. Bxd4 Nxd4 17. exd4 Rxd4 18. d3 1-0

[Event "Pula op 19th"]
[Site "Pula"]
[Date "2005.06.19"]
[Round "1"]
[White "Riff, Jean Noel"]
[Black "Koban, Markus"]
[Result "1-0"]
[WhiteElo "2438"]
[BlackElo "2044"]
[PlyCount "63"]
[EventDate "2005.06.19"]
[EventType "swiss"]
[EventRounds "9"]
[EventCountry "CRO"]
[SourceTitle "CBM 106 Extra"]
[Source "ChessBase"]
[SourceDate "2005.07.01"]
[SourceVersion "1"]
[SourceVersionDate "2005.07.01"]
[SourceQuality "1"]

1. e4 e5 2. Nf3 Nf6 3. Nc3 Bb4 4. Nxe5 d6 5. Nd3 Bxc3 6. dxc3 Nxe4 7. Be2 0-0 8. 0-0 Bf5 9. Nf4 Nd7 10. Qd5 Ne5 11. Qxb7 Nc5 12. Qd5 Bxc2 13. Be3 Be4 14. Qd2 Ne6 15. Nh5 f5 16. Ng3 Bb7 17. f4 Nd7 18. Bc4 Qf6 19. Rae1 Rfe8 20. Bb5 Re7 21. Qc2 g6 22. Bxd7 Rxd7 23. Qb3 c5 24. Bd4 cxd4 25. Rxe6 Qf7 26. cxd4 Kf8 27. Rfe1 Rc8 28. Nf1 Be4 29. Nd2 d5 30. Ra6 Rb7 31. Qh3 Rxb2 32. Qa3+ 1-0